BIBLIOTHÈQUE DE LA MAISON DU MEXIQUE

Logo 1 Logo 2

Los intelectuales y el poder (notice nᵒ 652)

détails MARC
000 -Sello discográfico
campo de control de longitud fija 01015nam a2200337 4500
005 - Identificación de versión
campo de control 20251016082344.0
010 ## - Número Estándar Internacional de Libros (ISBN)
Número (ISBN) 968-27-0579-7
035 ## - Otros números de control del sistema
Número de control del sistema 20334
099 ## - fechas locales
Tipo de ítem Koha LIBRO
100 ## - Datos de procesamiento general
Datos de procesamiento general 19960111d1993 m y1spay5003 ba
105 ## - Campo de datos codificados: Material textual, monográfico
Datos codificados de monografía a 001zy
200 1# - Título y mención de responsabilidad
Título propio Los intelectuales y el poder
Designación general del material texto impreso
Otra información del título conversaciones
Primer mención de responsabilidad Gastón García Cantú, Gabriel Careaga
205 ## - Declaración de edición
Declaración de edición 1a ed
210 ## - Publicación, distribución, etc.
Lugar de publicación, distribución, etc. México
Nombre del editor, distribuidor, etc. Editorial Joaquín Mortiz
Fecha de publicación, distribución, etc. 1993
215 ## - Descripción física
Designación de material específico y extensión del ítem 203 p
Otras características físicas fot.
Dimensiones 22 cm
345 ## - Nota de información de adquisición
Fuente de adquisición/dirección de la suscripción [OBSOLETO] Compra
410 #1 - Series
Título Contrapuntos
606 ## - Término temático usado como materia
Elemento de entrada Intelectuales
Número Koha 1857
606 ## - Término temático usado como materia
Elemento de entrada Intelectuales
Subdivisión geográfica México
Número Koha 1641
606 ## - Término temático usado como materia
Elemento de entrada Poder (Ciencias sociales)
Número Koha 1522
660 ## - Código de área geográfica
Código MX
700 ## - Nombre personal - Responsabilidad primaria
Elemento de entrada García Cantú
Parte del nombre distinta del elemento de entrada Gastón
Fechas 1917-2004
Número Koha 1343
701 ## - Nombre personal - Responsabilidad alternativa
Elemento de entrada Careaga Medina
Parte del nombre distinta del elemento de entrada Gabriel
Fechas 1941-2004
Número Koha 1858
801 #0 - Fuente de origen
Agencia cm
900 ## -
-- 1/12161
900 ## -
-- 710961653\\170196
942 ## - ELEMENTOS DE ENTRADA SECUNDARIOS (KOHA)
Tipo de ítem Koha Livre
996 ## -
-- MEX
-- 751145101
-- MMAG
-- 005887
-- 301.445 G216IN
-- 20220118LIV
Exemplaires
Estatus retirado Estado de daño Estado de pérdida Fecha de adquisición Biblioteca de origen Biblioteca actual Ubicación en estantería Código de barras Precio de reemplazo Signatura topográfica completa No para préstamo Tipo de ítem Koha Nota pública Nota no pública
      05/08/2025 Casa México Paris Casa México Paris   005887 05/08/2025 301.445 G216IN   Livre 20220118LIV 751145101